San Diego/Los Angeles Chargers Quiz - Statistics

General Stats
  • This quiz has been taken 27 times
  • The average score is 8 of 15
Answer Stats
Question
Answer
% Correct
The Chargers replaced Drew Brees with this quarterback Philip Rivers
100%
Who was selected 6th overall by the Chargers in 2020 Justin Herbert
96%
Who won NFL MVP in 2006 LaDanian Tomlinson
91%
This legendary quarterback was 2nd in MVP voting to kicker Mark Moseley Dan Fouts
87%
Who leads the Chargers in all-time receiving yards Antonio Gates
83%
In what year did the Chargers join the NFL 1960
74%
What Chargers coach is best known for his infamous "Air Coryell" Offense Don Coryell
61%
What quarterback led the Chargers to their first and only Super Bowl appearance Stan Humphries
48%
Who is the Chargers all time sack leader Leslie O'Neal
43%
This man founded not only a hotel chain in America but the Los Angeles Chargers as well Barron Hilton
30%
This player fumbled the ball after what looked like a game sealing interception vs Tom Brady and the Patriots in the 2007 AFC Divisional Round. Marlon McCree
26%
This former Chargers running back is known for his nickname "_______ _____ Business" Natrone Means
26%
What Chargers team missed the playoffs despite having the #1 offense and #1 Defense 2010 San Diego Chargers
13%
This Chargers kicker missed a 45-yard field goal in Cleveland to give the browns their one and only win across 32 games (2016-2017 seasons) Josh Lambo
13%
This linebacker broke up Neil O'Donell's 4th-and-goal touchdown pass to send the Chargers to the Super Bowl in 1994 Dennis Gibson
9%
No matching quizzes found
Score Distribution
Percent of People with Each Score
Percentile by Number Answered
Your Score History
You have not taken this quiz